000 01152cam a22003737i 4500
001 17756516
003 NUST
005 20250219094751.0
008 130530s2004 pk 000 0 pan
010 _a 2013344622
015 _a9693508513
020 _a9693508513
025 _aP-Pan-2013344622
037 _bLibrary of Congress -- Islamabad Overseas Office
040 _aDLC
_beng
_cDLC
_erda
042 _alcode
082 _a 891.421
_bBAK
100 0 _aMuḥammad Bak̲h̲sh,
_d1830-1907.
_94682
245 1 0 _aSaif al-Mulūk /
_cMiyān̲ Muḥammad Bak̲h̲sh.
264 1 _aLāhore,
_bAl-Faisal,
_c2022.
300 _a552 pages ;
_c25 cm
336 _atext
_2rdacontent
337 _aunmediated
_2rdamedia
338 _avolume
_2rdacarrier
500 _aPoems.
546 _aIn Panjabi.
650 _aLanguage & Literature
_94683
880 _6100-01\(3\r
_aمیاں محمد بخش
880 _6245-02\(3\r
_aسیف الملوک
_cمیاں محمد بخش
880 _6260-03\(3\r
_aلاہور:
_bالفیصل،
_c2009
906 _a0
_bcbc
_corigode
_d4
_encip
_f20
_gy-nonroman
942 _2ddc
_cBK
999 _c331156
_d331156